000 00435nam a2200145Ia 4500
008 211109s9999||||xx |||||||||||||| ||und||
082 _a894.432
_bSAN-V
100 _aSandhi, Swaroopa Guptha
245 0 _aValmiki Ramayan
260 _bCentral Hindi Directrate
_aNew Delhi
_c1900
300 _a20p.
630 _xGENERAL STACK
650 _aLITERATURE AND RHETORIC
_vLITERATURES OF OTHER LANGUAGES
_xHINDI DRAMAGeneralia
942 _cBOOK
999 _c86074
_d86074